[Event "Sparkassen-Open A"]
[Site "Heusenstamm, Martinsee"]
[Date "2024.11.22"]
[Round "3.1"]
[White "Grigoryan, Karen H."]
[Black "Töpfer, Albrecht"]
[Result "1-0"]
[WhiteElo "2603"]
[BlackElo "2170"]
[PlyCount "59"]
[EventDate "2024.11.21"]
[WhiteTeam "Yerevan"]
[BlackTeam "SC Fulda"]

1. e4 d6 2. d4 Nf6 3. Bd3 e5 4. Ne2 Nc6 5. d5 Nb4 6. Nbc3 Nxd3+ 7. cxd3 Be7 8. d4 O-O 9. O-O c6 10. dxc6 bxc6 11. dxe5 dxe5 12. Qc2 Be6 13. h3 Rb8 14. Be3 Qa5 15. Rac1 Rfc8 16. Kh1 Nd7 17. Rfd1 Nb6 18. b3 Ba3 19. Rb1 Nd7 20. Ng3 g6 21. Bh6 Qc5 22. Rd3 a5 23. Rbd1 Nb6 24. Qe2 Qe7 25. Nf5 Bxf5 26. exf5 Qf6 27. Ne4 Qxf5 28. Rf3 Qe6 29. Ng5 Qe8 30. Rxf7 1-0

[Event "Sparkassen-Open A"]
[Site "Heusenstamm, Martinsee"]
[Date "2024.11.22"]
[Round "3.2"]
[White "Lesny, Florian"]
[Black "Sivuk, Vitaly"]
[Result "0-1"]
[WhiteElo "2222"]
[BlackElo "2502"]
[PlyCount "104"]
[EventDate "2024.11.21"]
[WhiteTeam "Schachfreunde Hünstetten"]
[BlackTeam "Sfr. Wolfhagen e. V."]

1. e4 c5 2. Nf3 d6 3. d4 cxd4 4. Nxd4 Nf6 5. Nc3 a6 6. Be3 e6 7. Be2 Nbd7 8. a4 b6 9. O-O Bb7 10. f4 Be7 11. Bf3 Qc7 12. Qe2 O-O 13. g4 Rfc8 14. g5 Ne8 15. Qg2 Bf8 16. f5 e5 17. Nb3 f6 18. g6 d5 19. gxh7+ Kh8 20. exd5 Nd6 21. Be4 Nc4 22. Bc1 Nc5 23. Nxc5 Qxc5+ 24. Kh1 Nd6 25. Rd1 b5 26. axb5 axb5 27. Rxa8 Bxa8 28. Qe2 b4 29. Na4 Qa5 30. b3 Nxe4 31. Qxe4 Rd8 32. Kg1 Rxd5 33. Rxd5 Qxd5 34. Qxd5 Bxd5 35. Nb2 Be4 36. Nd3 Bxf5 37. Bd2 Bxd3 38. cxd3 Kxh7 39. Kg2 Kg6 40. Kf3 Kf5 41. Be3 g6 42. Bb6 Bh6 43. Ke2 Kg4 44. Bc5 Kh3 45. Bxb4 Kxh2 46. Be7 f5 47. Bd6 Kg2 48. Bxe5 f4 49. Bd4 f3+ 50. Ke1 Bg7 51. Be3 g5 52. d4 g4 0-1

[Event "Sparkassen-Open A"]
[Site "Heusenstamm, Martinsee"]
[Date "2024.11.22"]
[Round "3.3"]
[White "Krastev, Alexander"]
[Black "Marcziter, Dmitrii"]
[Result "1/2-1/2"]
[WhiteElo "2425"]
[BlackElo "2187"]
[PlyCount "113"]
[EventDate "2024.11.21"]
[WhiteTeam "Schachgesellschaft Solingen e. V"]
[BlackTeam "Schachgemeinschaft Porz e. V."]

1. e4 c5 2. Nf3 e6 3. d4 cxd4 4. Nxd4 a6 5. g3 Nf6 6. Bg2 d5 7. exd5 Nxd5 8. O-O Be7 9. Nf5 exf5 10. Qxd5 O-O 11. Nc3 Nc6 12. Qxd8 Rxd8 13. Nd5 Bc5 14. Bg5 f6 15. Bf4 Bd7 16. Nc7 Ra7 17. Rfd1 Nd4 18. Be3 b6 19. Bxd4 Rxc7 20. Bxc5 bxc5 21. Rd6 Rb8 22. b3 a5 23. a4 Kf8 24. Bd5 Ra7 25. Bc4 f4 26. gxf4 Bf5 27. Rc1 Be4 28. Re6 Bf3 29. Re3 Bc6 30. Rd1 Rd7 31. Rxd7 Bxd7 32. f3 Bf5 33. Re2 Rd8 34. Kf2 Rd1 35. Ke3 Ke7 36. Bb5 h5 37. Rg2 Kf8 38. Bc6 Be6 39. Be4 f5 40. Bd3 Kf7 41. Rf2 Rg1 42. Re2 Rf1 43. Rd2 Re1+ 44. Kf2 Ra1 45. Bb5 Ke7 46. Ke3 Re1+ 47. Kf2 Ra1 48. Kg3 g6 49. Kg2 Rc1 50. Kf2 Ra1 51. Kg3 Rc1 52. Rf2 Rd1 53. Rf1 Rd2 54. Bd3 Bxb3 55. Bxf5 Bxc2 56. Bxc2 Rxc2 57. Rb1 1/2-1/2

[Event "Sparkassen-Open A"]
[Site "Heusenstamm, Martinsee"]
[Date "2024.11.22"]
[Round "3.4"]
[White "Mostertman, Milan"]
[Black "Peng, Li Min"]
[Result "0-1"]
[WhiteElo "2204"]
[BlackElo "2516"]
[PlyCount "56"]
[EventDate "2024.11.21"]
[WhiteTeam "Groninger Combinatie"]
[BlackTeam "Sfr. Wolfhagen e. V."]

1. e4 c5 2. c3 d5 3. exd5 Nf6 4. Bb5+ Nbd7 5. d4 a6 6. Bxd7+ Qxd7 7. dxc5 Qxd5 8. Qxd5 Nxd5 9. a3 e5 10. b4 a5 11. Bd2 Be6 12. Nf3 f6 13. O-O Be7 14. Rc1 Kf7 15. g3 g5 16. Ne1 h5 17. Nc2 h4 18. c4 hxg3 19. hxg3 Nf4 20. gxf4 gxf4 21. Ne1 axb4 22. Bxb4 f3 23. Nxf3 Rag8+ 24. Kf1 Rh1+ 25. Ke2 Rxc1 26. Ne1 Rd8 27. Bd2 Bxc4+ 28. Ke3 Bxc5+ 0-1

[Event "Sparkassen-Open A"]
[Site "Heusenstamm, Martinsee"]
[Date "2024.11.22"]
[Round "3.5"]
[White "Köllner, Ruben Gideon"]
[Black "Kersten, Uwe"]
[Result "1/2-1/2"]
[WhiteElo "2484"]
[BlackElo "2170"]
[PlyCount "59"]
[EventDate "2024.11.21"]
[WhiteTeam "SF Deizisau"]
[BlackTeam "Sfr. Wolfhagen e. V."]

1. d4 Nf6 2. Bg5 e6 3. Nd2 c5 4. e3 cxd4 5. exd4 Be7 6. Ngf3 b6 7. c3 Bb7 8. Bxf6 Bxf6 9. Bd3 d6 10. Qe2 Nd7 11. h4 a6 12. O-O-O b5 13. Ne4 Be7 14. Neg5 Bxf3 15. Nxf3 d5 16. Kb1 b4 17. c4 dxc4 18. Bxc4 Nb6 19. d5 exd5 20. Bxd5 Nxd5 21. Qe4 O-O 22. Rxd5 Qc7 23. Rc1 Qa7 24. Ne5 Qxf2 25. Ng4 Qb6 26. Re5 Bf6 27. Rc6 Qg1+ 28. Rc1 Qb6 29. Rc6 Qg1+ 30. Rc1 1/2-1/2

[Event "Sparkassen-Open A"]
[Site "Heusenstamm, Martinsee"]
[Date "2024.11.22"]
[Round "3.6"]
[White "Noe, Christopher"]
[Black "Boeren, Jurriaan"]
[Result "1-0"]
[WhiteElo "2510"]
[BlackElo "2159"]
[PlyCount "47"]
[EventDate "2024.11.21"]
[WhiteTeam "SC Eppingen"]
[BlackTeam "Kennemer Combinatie"]

1. d4 Nf6 2. c4 e6 3. Nc3 Bb4 4. Qb3 c5 5. dxc5 Nc6 6. Nf3 Ne4 7. Bd2 Nxd2 8. Nxd2 Bxc5 9. g3 b6 10. Bg2 Bb7 11. O-O O-O 12. Qa4 f5 13. Rad1 Be7 14. Nb3 Bf6 15. Nb5 Bxb2 16. Nd6 Qc7 17. Nxb7 Qxb7 18. Rb1 Bf6 19. Nc5 Qc7 20. Nxd7 Rfc8 21. Rfd1 Be7 22. c5 Bxc5 23. Nxc5 bxc5 24. Bxc6 1-0

[Event "Sparkassen-Open A"]
[Site "Heusenstamm, Martinsee"]
[Date "2024.11.22"]
[Round "3.7"]
[White "Hoppstädter, Daniel"]
[Black "Nothnagel, Marian Can"]
[Result "0-1"]
[WhiteElo "2198"]
[BlackElo "2416"]
[PlyCount "84"]
[EventDate "2024.11.21"]
[WhiteTeam "SC Turm Illingen"]
[BlackTeam "SK Bickenbach"]

1. d4 Nf6 2. Bg5 g6 3. Bxf6 exf6 4. e3 d5 5. c4 dxc4 6. Bxc4 Bd6 7. Nc3 c6 8. Nf3 O-O 9. O-O f5 10. Qc2 Nd7 11. Rfe1 Nf6 12. Rad1 Qe7 13. e4 fxe4 14. Nxe4 Nxe4 15. Qxe4 Qxe4 16. Rxe4 Bf5 17. Re3 Rad8 18. Bb3 Kg7 19. Ne5 Bc7 20. d5 cxd5 21. Bxd5 Be6 22. Bf3 Rxd1+ 23. Bxd1 Rd8 24. Rd3 Rxd3 25. Nxd3 Bxa2 26. Bf3 Bc4 27. Nb4 b5 28. Bc6 a5 29. Nc2 b4 30. Ba4 Be5 31. b3 Bd3 32. Ne3 Kf6 33. Ng4+ Ke6 34. Bd7+ Kd5 35. Be8 f5 36. Bf7+ Kd4 37. Ne3 f4 38. Nd5 Be4 39. Nb6 Bc7 40. Na4 Bc6 41. Nb2 Kc3 42. Nc4 Bb5 0-1

[Event "Sparkassen-Open A"]
[Site "Heusenstamm, Martinsee"]
[Date "2024.11.22"]
[Round "3.8"]
[White "Milov, Leonid"]
[Black "Restorff, Felix"]
[Result "1-0"]
[WhiteElo "2427"]
[BlackElo "2151"]
[PlyCount "117"]
[EventDate "2024.11.21"]
[WhiteTeam "SC Noris-Tarrasch Nürnberg 1873"]
[BlackTeam "SV Blau-Weiß Concordia 07/24 Vie"]

1. e4 c6 2. Nf3 d5 3. d3 dxe4 4. dxe4 Qxd1+ 5. Kxd1 Nf6 6. Nfd2 g6 7. f3 Bh6 8. a4 Be6 9. Bc4 Bxc4 10. Nxc4 Bxc1 11. Kxc1 Nbd7 12. b4 O-O-O 13. Nbd2 Kc7 14. c3 g5 15. Kc2 h5 16. Rae1 h4 17. e5 Nd5 18. e6 fxe6 19. Rxe6 Nf4 20. Rxe7 Nxg2 21. Ne4 Rde8 22. Rg7 Rhg8 23. Rh7 Rh8 24. Rxh8 Rxh8 25. Rg1 h3 26. Nxg5 Re8 27. Kd2 Nf4 28. Ne4 Ng2 29. Ng5 Nf4 30. Re1 Rg8 31. Ne6+ Nxe6 32. Rxe6 Rg1 33. Re1 Rg2+ 34. Re2 Nf6 35. Ne3 Rg1 36. Re1 Rg8 37. Ke2 Nd5 38. Nxd5+ cxd5 39. Ke3 Kd6 40. f4 Re8+ 41. Kf2 Rc8 42. Re3 Rc4 43. Kg3 d4 44. cxd4 Rxb4 45. f5 Rxa4 46. f6 Ra1 47. Rf3 Rg1+ 48. Kh4 Rg8 49. f7 Rf8 50. Kg5 Kd5 51. Kg6 Kxd4 52. Kg7 Rd8 53. Rxh3 Kc5 54. Rc3+ Kb6 55. h4 a5 56. h5 a4 57. h6 Kb5 58. h7 Kb4 59. Rc7 1-0

[Event "Sparkassen-Open A"]
[Site "Heusenstamm, Martinsee"]
[Date "2024.11.22"]
[Round "3.9"]
[White "Aravindhan, Achyuth"]
[Black "Dgebuadze, Alexandre"]
[Result "0-1"]
[WhiteElo "2156"]
[BlackElo "2408"]
[PlyCount "72"]
[EventDate "2024.11.21"]
[WhiteTeam "Club Zukertort"]
[BlackTeam "SC Remagen-Sinzig e.V."]

1. e4 e6 2. d4 d5 3. Nd2 Ne7 4. Bd3 Nd7 5. Ngf3 g6 6. O-O Bg7 7. e5 c5 8. c3 Nc6 9. Nb1 Qb6 10. Bc2 O-O 11. b3 cxd4 12. cxd4 f6 13. exf6 Nxf6 14. Bb2 Ng4 15. h3 Nh6 16. Na3 Bd7 17. Rc1 Rf4 18. Ne5 Be8 19. g3 Rf8 20. Bb1 Nf7 21. Nxc6 Bxc6 22. h4 Nd6 23. h5 Nf5 24. hxg6 hxg6 25. Qg4 Rf6 26. Nc2 Bb5 27. Rfe1 Bd3 28. Ne3 Bxb1 29. Rxb1 Raf8 30. Rf1 Qa6 31. Qh3 Nxe3 32. fxe3 Qe2 33. Ba3 Qxe3+ 34. Kh1 Qe4+ 35. Kg1 Rxf1+ 36. Rxf1 Bxd4+ 0-1

[Event "Sparkassen-Open A"]
[Site "Heusenstamm, Martinsee"]
[Date "2024.11.22"]
[Round "3.10"]
[White "Erdmann, Stefan"]
[Black "Bagrationi, Alexander"]
[Result "1/2-1/2"]
[WhiteElo "2137"]
[BlackElo "2391"]
[PlyCount "50"]
[EventDate "2024.11.21"]
[WhiteTeam "SK Bad Homburg 1927"]
[BlackTeam "SV Hemer 1932 e. V."]

1. d4 Nf6 2. Nf3 g6 3. c4 Bg7 4. g3 O-O 5. Bg2 d6 6. Nc3 Nc6 7. O-O a6 8. b3 Bd7 9. d5 Na5 10. Bg5 b5 11. Rc1 b4 12. Bxf6 exf6 13. Na4 f5 14. Nd4 Bxd4 15. Qxd4 Bxa4 16. bxa4 Nb7 17. Rb1 Nc5 18. Rxb4 a5 19. Rb5 Nxa4 20. Qd2 Qf6 21. Rc1 Nc5 22. Rxa5 Rab8 23. Bf3 Rb2 24. Qe3 Rfb8 25. Kg2 Kg7 1/2-1/2

[Event "Sparkassen-Open A"]
[Site "Heusenstamm, Martinsee"]
[Date "2024.11.22"]
[Round "3.11"]
[White "Stork, Oliver"]
[Black "Pfrengle, Tim"]
[Result "1-0"]
[WhiteElo "2366"]
[BlackElo "2091"]
[PlyCount "99"]
[EventDate "2024.11.21"]
[WhiteTeam "Klub Kölner Schachfreunde e. V."]
[BlackTeam "SC ML Kastellaun"]

1. c4 Nf6 2. Nc3 e6 3. e4 d5 4. cxd5 exd5 5. e5 d4 6. exf6 dxc3 7. Bb5+ c6 8. Bc4 Qxf6 9. dxc3 Bc5 10. Qe2+ Qe7 11. Qxe7+ Bxe7 12. Nf3 O-O 13. O-O Bf6 14. Re1 Bg4 15. Ne5 Bxe5 16. Rxe5 Nd7 17. Re7 b5 18. Bf1 Be6 19. a4 a6 20. g3 Rfc8 21. Bf4 Nb6 22. axb5 axb5 23. Rea7 Rxa7 24. Rxa7 h6 25. h4 Na4 26. Bc1 Rd8 27. Be2 Nxb2 28. Rc7 Nd3 29. Be3 Ne5 30. Bd4 Bg4 31. Bxg4 Nxg4 32. Rxc6 Rd5 33. Rb6 h5 34. Kg2 Nh6 35. Kf3 f6 36. Ke4 Rf5 37. Rb7 Kh7 38. Rd7 Kg6 39. f3 Kh7 40. Rb7 Kg6 41. Rc7 Kh7 42. f4 Kg6 43. Bc5 Nf7 44. Bf8 b4 45. Rxf7 Kxf7 46. Kxf5 bxc3 47. Ba3 g6+ 48. Ke4 Ke6 49. Kd3 Kf5 50. Be7 1-0

[Event "Sparkassen-Open A"]
[Site "Heusenstamm, Martinsee"]
[Date "2024.11.22"]
[Round "3.12"]
[White "Boder, Jan"]
[Black "Wenzel, Calvin"]
[Result "1/2-1/2"]
[WhiteElo "2338"]
[BlackElo "2058"]
[PlyCount "42"]
[EventDate "2024.11.21"]
[WhiteTeam "SC ML Kastellaun"]
[BlackTeam "SK 1980 Gernsheim"]

1. c4 e5 2. g3 Nf6 3. Bg2 c6 4. d4 e4 5. d5 Bb4+ 6. Bd2 Qe7 7. Nc3 O-O 8. Nh3 cxd5 9. cxd5 d6 10. O-O Bf5 11. a3 Bc5 12. Bg5 Nbd7 13. Na4 h6 14. Nxc5 dxc5 15. Bd2 Nb6 16. d6 Qxd6 17. Be3 Qe5 18. Rc1 Rac8 19. Qd2 Ng4 20. Bf4 Qe6 21. Qd6 Nf6 1/2-1/2

[Event "Sparkassen-Open A"]
[Site "Heusenstamm, Martinsee"]
[Date "2024.11.22"]
[Round "3.13"]
[White "Musiienko, Tymur"]
[Black "Tschernatsch, Johannes"]
[Result "0-1"]
[WhiteElo "2141"]
[BlackElo "2329"]
[PlyCount "141"]
[EventDate "2024.11.21"]
[WhiteTeam "Wiesbadener SV 1885"]
[BlackTeam "SV Babelsberg 03 e.V."]

1. e4 c5 2. Nf3 d6 3. d4 cxd4 4. Nxd4 Nf6 5. Nc3 a6 6. h3 e5 7. Nde2 h5 8. Bg5 Nbd7 9. Ng3 g6 10. Bc4 Be7 11. O-O h4 12. Nge2 b5 13. Bb3 Bb7 14. Nd5 Bxd5 15. exd5 Nc5 16. f4 Rh5 17. c3 Nce4 18. Bxf6 Bxf6 19. Bc2 Qb6+ 20. Kh2 Ng3 21. Nxg3 hxg3+ 22. Kxg3 exf4+ 23. Kh2 Kf8 24. Kh1 Be5 25. Rf3 Kg7 26. a4 b4 27. a5 Qc5 28. cxb4 Qxb4 29. Ra4 Qb7 30. Rb3 Qd7 31. Rab4 Rah8 32. Rb7 Qc8 33. Be4 f3 34. Bxf3 Rxh3+ 35. gxh3 Qxh3+ 36. Kg1 Qg3+ 37. Kf1 Rh2 38. Qe2 Qh3+ 39. Ke1 Qh4+ 40. Kd1 Qd4+ 41. Kc1 Rxe2 42. Bxe2 Qxd5 43. Kb1 Qxa5 44. Bf3 Kf6 45. Bg2 Qd2 46. Bc6 Bf4 47. Ka2 g5 48. Be8 Qa5+ 49. Ra3 Qd5+ 50. Rab3 a5 51. Rxf7+ Ke5 52. Rfb7 Kd4 53. R7b5 Qa8 54. Rb8 Qe4 55. Bh5 Bd2 56. Bf3 Qe6 57. R8b5 a4 58. Rd5+ Qxd5 59. Bxd5 axb3+ 60. Bxb3 d5 61. Bd1 Kd3 62. Kb3 Bc1 63. Bg4 d4 64. Bf5+ Kd2 65. Bg4 Ke3 66. Kc2 Bd2 67. Bf5 Ba5 68. Kd1 Kf3 69. Kc2 g4 70. Kd3 Bb6 71. Kd2 0-1

[Event "Sparkassen-Open A"]
[Site "Heusenstamm, Martinsee"]
[Date "2024.11.22"]
[Round "3.14"]
[White "Dordevic, Tom"]
[Black "Haack, Kevin"]
[Result "0-1"]
[WhiteElo "2123"]
[BlackElo "2304"]
[PlyCount "66"]
[EventDate "2024.11.21"]
[WhiteTeam "SV Mülheim-Nord 1931 e"]
[BlackTeam "SV 1920 Hofheim"]

1. d4 Nf6 2. c4 e6 3. Nf3 b6 4. g3 Bb4+ 5. Bd2 c5 6. Bg2 Bb7 7. O-O O-O 8. dxc5 Bxc5 9. Nc3 a5 10. Bf4 Na6 11. Rc1 h6 12. Qc2 Qe7 13. e4 d6 14. Ne1 e5 15. Bd2 Rfc8 16. Nd5 Nxd5 17. exd5 b5 18. Be4 bxc4 19. Bh7+ Kh8 20. Bf5 Bxd5 21. Bxc8 Rxc8 22. Bxa5 Ba8 23. Qf5 Qb7 24. Nf3 Qxf3 25. Qxf3 Bxf3 26. Rfe1 Bb4 27. Re3 e4 28. Bxb4 Nxb4 29. Ra3 d5 30. Ra7 d4 31. a3 Na2 32. Rc2 d3 33. Rd2 c3 0-1

[Event "Sparkassen-Open A"]
[Site "Heusenstamm, Martinsee"]
[Date "2024.11.22"]
[Round "3.15"]
[White "Stork, Christopher"]
[Black "Hinrichs, Paul"]
[Result "1/2-1/2"]
[WhiteElo "2079"]
[BlackElo "2286"]
[PlyCount "136"]
[EventDate "2024.11.21"]
[WhiteTeam "SV Oberursel"]
[BlackTeam "Sfr.Heidesheim"]

1. d4 Nf6 2. Nf3 e6 3. c4 d5 4. g3 dxc4 5. Bg2 Bd7 6. Ne5 Bc6 7. Nxc6 Nxc6 8. O-O Qd7 9. e3 O-O-O 10. Qa4 e5 11. dxe5 Nd5 12. Rd1 Nb6 13. Rxd7 Nxa4 14. Bxc6 bxc6 15. Rxd8+ Kxd8 16. Nd2 Nb6 17. Nf3 Bb4 18. Bd2 Bxd2 19. Nxd2 Ke7 20. Rc1 Rb8 21. Rc2 Ke6 22. Nxc4 Nxc4 23. Rxc4 Rb6 24. Rc5 Kd7 25. Rc2 Ke6 26. f4 g5 27. Kf2 g4 28. e4 Kd7 29. b3 a5 30. Rc4 c5 31. Rxc5 a4 32. Rc3 axb3 33. axb3 Rh6 34. Kg2 Ra6 35. Rd3+ Ke7 36. Rd2 Rb6 37. Rc2 Kd7 38. Rc3 Ra6 39. h4 Ra2+ 40. Kf1 Rb2 41. Ke1 Kd8 42. Kf1 Kd7 43. f5 h5 44. e6+ fxe6 45. f6 e5 46. f7 Ke7 47. Rxc7+ Kf8 48. Rb7 Kg7 49. b4 Rb3 50. Kf2 Rb2+ 51. Ke1 Rg2 52. Re7 Rxg3 53. Rxe5 Kxf7 54. Rxh5 Re3+ 55. Kf2 Rxe4 56. Rb5 Rc4 57. Kg3 Kg6 58. Rg5+ Kf6 59. Rxg4 Rc3+ 60. Kf2 Kf5 61. Rg8 Rc4 62. b5 Rxh4 63. b6 Rb4 64. Rb8 Ke6 65. b7 Kd7 66. Rh8 Rxb7 67. Rh7+ Kc6 68. Rxb7 Kxb7 1/2-1/2

[Event "Sparkassen-Open A"]
[Site "Heusenstamm, Martinsee"]
[Date "2024.11.22"]
[Round "3.16"]
[White "Baranyai-Molnar, Adam-Kristof"]
[Black "Burkhardt, Holger"]
[Result "1/2-1/2"]
[WhiteElo "2238"]
[BlackElo "2087"]
[PlyCount "113"]
[EventDate "2024.11.21"]
[WhiteTeam "SF Neuberg"]
[BlackTeam "SK 1858 Gießen"]

1. e4 e5 2. d4 Nc6 3. d5 Nb8 4. Nf3 d6 5. Nc3 g6 6. Be2 Bg7 7. h4 Nf6 8. Ng5 h6 9. Nh3 c6 10. Be3 cxd5 11. exd5 Ng8 12. h5 g5 13. g4 Ne7 14. f3 f5 15. Qd2 a6 16. gxf5 Nxf5 17. Ne4 Nd7 18. Nhf2 b5 19. a4 bxa4 20. Rxa4 Nb6 21. Ra3 O-O 22. Rb3 Nd7 23. c3 a5 24. Nd3 a4 25. Ra3 Nb6 26. Nb4 Bb7 27. Bf2 Qc7 28. Ra1 Nc4 29. Qc1 Ne7 30. Bxc4 Qxc4 31. Nxd6 Qc7 32. Nxb7 Qxb7 33. Qd1 a3 34. Rxa3 Rxa3 35. bxa3 e4 36. Bd4 exf3 37. O-O Qd7 38. Bxg7 Qg4+ 39. Kf2 Qh4+ 40. Ke3 Qf4+ 41. Kd3 Kxg7 42. Qe1 Nf5 43. Nc6 g4 44. Qe5+ Qxe5 45. Nxe5 Ng3 46. Rf2 Nh1 47. Nxg4 Nxf2+ 48. Nxf2 Ra8 49. Ke4 Rxa3 50. Kxf3 Rxc3+ 51. Kf4 Rc4+ 52. Ne4 Kf7 53. Ke5 Ke7 54. Nf6 Rc1 55. Ng8+ Kd7 56. Nxh6 Rh1 57. Nf5 1/2-1/2

[Event "Sparkassen-Open A"]
[Site "Heusenstamm, Martinsee"]
[Date "2024.11.22"]
[Round "3.18"]
[White "Perske, Paul"]
[Black "Glöckler, Christian"]
[Result "1/2-1/2"]
[WhiteElo "2093"]
[BlackElo "2266"]
[PlyCount "159"]
[EventDate "2024.11.21"]
[WhiteTeam "Sfr.Heidesheim"]
[BlackTeam "Wiesbadener SV 1885"]

1. d4 Nf6 2. c4 e6 3. Nf3 d5 4. Nc3 h6 5. g3 dxc4 6. Bg2 Nc6 7. Qa4 Bd7 8. Qxc4 Na5 9. Qd3 c5 10. O-O Bc6 11. Rd1 a6 12. e4 cxd4 13. Nxd4 Nd7 14. Be3 Be7 15. a3 Qc7 16. Qe2 Ne5 17. Bf4 g5 18. Bxe5 Qxe5 19. b4 Rd8 20. Nxc6 Nxc6 21. Rxd8+ Bxd8 22. Rc1 h5 23. Nd1 Be7 24. Ne3 g4 25. Nc4 Qg5 26. Rd1 e5 27. Ne3 Nd4 28. Qc4 O-O 29. Nf5 b5 30. Qc7 Bf6 31. Qb6 Rc8 32. h4 gxh3 33. Bxh3 Rc2 34. Qb8+ Kh7 35. Qf8 Bg7 36. Qxf7 Qg6 37. Qd7 Kh8 38. Qd8+ Kh7 39. Qd7 Qf6 40. Qe8 Qg6 41. Nxg7 Qxg7 42. Qxh5+ Qh6 43. Qf7+ Qg7 44. Qh5+ Qh6 45. Bf5+ Kg7 46. Qg4+ Kf7 47. Kg2 Kf8 48. Qh3 Qxh3+ 49. Bxh3 Rc3 50. f4 Ne2 51. fxe5 Rxg3+ 52. Kh2 Rxa3 53. e6 Nf4 54. Rd8+ Ke7 55. Rd7+ Ke8 56. Bf5 Rc3 57. Rd6 Ra3 58. Rb6 Ke7 59. Rb7+ Ke8 60. Rc7 Kd8 61. e7+ Ke8 62. Bc8 Kf7 63. Bxa6 Rh3+ 64. Kg1 Ng6 65. e8=N+ Kxe8 66. Bxb5+ Kd8 67. Rd7+ Kc8 68. Rg7 Ne5 69. Re7 Rh5 70. Ba6+ Kd8 71. Rg7 Nf3+ 72. Kf2 Ng5 73. Bd3 Ne6 74. Ra7 Rh2+ 75. Ke3 Rb2 76. b5 Rb3 77. Kd2 Nc5 78. Bc2 Rxb5 79. e5 Ne6 80. Bf5 1/2-1/2

[Event "Sparkassen-Open A"]
[Site "Heusenstamm, Martinsee"]
[Date "2024.11.22"]
[Round "3.19"]
[White "Surányi, Pál"]
[Black "Browning, Alex"]
[Result "0-1"]
[WhiteElo "2033"]
[BlackElo "2253"]
[PlyCount "74"]
[EventDate "2024.11.21"]
[WhiteTeam "SV 03/25 Koblenz"]
[BlackTeam "SG Porz e. V."]

1. d4 Nf6 2. c4 g6 3. Nc3 Bg7 4. e4 d6 5. Nf3 O-O 6. Bd3 c6 7. O-O e5 8. d5 Na6 9. Be2 cxd5 10. cxd5 Bd7 11. a3 Qb8 12. Bd2 Nc7 13. b4 Nb5 14. Bd3 Nxc3 15. Bxc3 a6 16. Qe2 Nh5 17. g3 Qe8 18. Nd2 b5 19. f4 Bh3 20. Rfc1 exf4 21. Bxg7 Kxg7 22. g4 Nf6 23. g5 Nh5 24. Nf3 Bg4 25. Qb2+ Kg8 26. Nd4 Qe5 27. Qf2 Qxg5 28. h4 Qf6 29. Rc7 Rfe8 30. a4 f3 31. axb5 axb5 32. Raa7 Rxa7 33. Rxa7 Nf4 34. Bf1 Rxe4 35. Nxf3 Nxd5 36. Ng5 Rf4 37. Qe1 Qd4+ 0-1

[Event "Sparkassen-Open A"]
[Site "Heusenstamm, Martinsee"]
[Date "2024.11.22"]
[Round "3.20"]
[White "Schröder, Jürgen"]
[Black "Engel, Bruno"]
[Result "0-1"]
[WhiteElo "2020"]
[BlackElo "2242"]
[PlyCount "80"]
[EventDate "2024.11.21"]
[WhiteTeam "SC Matt im Park Ffm"]
[BlackTeam "Lübecker SV von 1873"]

1. e4 c5 2. Be2 e6 3. f4 d5 4. d3 Nc6 5. Nf3 Bd6 6. O-O Nge7 7. c3 c4 8. e5 cxd3 9. Bxd3 Bc5+ 10. Kh1 Nf5 11. Bxf5 exf5 12. Nbd2 Be6 13. Nb3 Bb6 14. Nbd4 Rc8 15. Be3 Qd7 16. Qe2 O-O 17. Qf2 Nxd4 18. Bxd4 Bxd4 19. Nxd4 a6 20. Rad1 b5 21. Qe2 Rc4 22. Rf3 b4 23. Nxe6 Qxe6 24. Qd2 bxc3 25. Rxc3 Re4 26. g3 d4 27. Ra3 Qc6 28. Kg1 Rc8 29. Rd3 Rd8 30. Rc1 Qb6 31. b3 g6 32. Kg2 Re3 33. Kh3 g5 34. fxg5 f4 35. Kg4 Qe6+ 36. Kh4 Qxe5 37. Rc4 Re2 38. Qxf4 Rxh2+ 39. Kg4 h5+ 40. gxh6 Qh5# 0-1

[Event "Sparkassen-Open A"]
[Site "Heusenstamm, Martinsee"]
[Date "2024.11.22"]
[Round "3.21"]
[White "Poetsch, Hagen"]
[Black "Sheng, Ming"]
[Result "1-0"]
[WhiteElo "2502"]
[BlackElo "2009"]
[PlyCount "67"]
[EventDate "2024.11.21"]
[WhiteTeam "SC Heusenstamm"]
[BlackTeam "SVG Saarbrücken 1970 e.V."]

1. Nf3 d5 2. e3 Nf6 3. c4 e6 4. b3 Be7 5. Bb2 O-O 6. Nc3 dxc4 7. bxc4 c5 8. Be2 b6 9. Ne5 Bb7 10. Bf3 Qc7 11. Bxb7 Qxb7 12. Qf3 Qxf3 13. gxf3 Nbd7 14. Nc6 Rfe8 15. Nb5 a6 16. Nc7 Bd6 17. Nxa8 Rxa8 18. f4 Rc8 19. Ne5 Bxe5 20. fxe5 Ng4 21. f4 b5 22. cxb5 axb5 23. a4 b4 24. a5 Rc7 25. Ke2 Nh6 26. Rhc1 Kf8 27. a6 Nb6 28. Bd4 Ke8 29. Rxc5 Rxc5 30. Bxc5 Na8 31. Rb1 Nc7 32. a7 Kd7 33. Rxb4 Kc6 34. Bd6 1-0

[Event "Sparkassen-Open A"]
[Site "Heusenstamm, Martinsee"]
[Date "2024.11.22"]
[Round "3.22"]
[White "Heindrich, Mark"]
[Black "Golubka, Petro"]
[Result "0-1"]
[WhiteElo "2045"]
[BlackElo "2365"]
[PlyCount "80"]
[EventDate "2024.11.21"]
[WhiteTeam "SAbt TuS Dotzheim"]
[BlackTeam "SC Heimbach-Weis/Neuwied e.V."]

1. e4 a6 2. c3 d5 3. exd5 Qxd5 4. Nf3 Bf5 5. d4 Bxb1 6. Rxb1 Qe4+ 7. Be3 e6 8. Bd3 Qd5 9. a3 Nf6 10. c4 Qd8 11. Qb3 b6 12. O-O Be7 13. Rbd1 O-O 14. Bb1 Nbd7 15. Ne5 Re8 16. Qc2 Qc8 17. Bg5 g6 18. Nc6 Bf8 19. Rfe1 Qb7 20. Ne5 Bg7 21. Ba2 c5 22. Nxd7 Nxd7 23. d5 Bd4 24. Be3 e5 25. Re2 f5 26. Rde1 Bxe3 27. Rxe3 e4 28. f3 Ne5 29. fxe4 f4 30. Rh3 Qf7 31. Rf1 Qf6 32. Qe2 a5 33. a4 h5 34. b3 Ra7 35. Bb1 Rh7 36. Kh1 Rf8 37. Bc2 g5 38. Rxh5 f3 39. Rxf3 Nxf3 40. Rxh7 Nd4 0-1

[Event "Sparkassen-Open A"]
[Site "Heusenstamm, Martinsee"]
[Date "2024.11.22"]
[Round "3.23"]
[White "Hirneise, Jens"]
[Black "Aktürk, Mustafa Deniz"]
[Result "1-0"]
[WhiteElo "2315"]
[BlackElo "1888"]
[PlyCount "77"]
[EventDate "2024.11.21"]
[WhiteTeam "SC Böblingen 1975 e.V."]
[BlackTeam "Sfr.Mainz 1928"]

1. e4 c5 2. Nf3 g6 3. d4 cxd4 4. Nxd4 Nc6 5. Nc3 Bg7 6. Be3 Nf6 7. Bc4 O-O 8. Bb3 d6 9. h3 Bd7 10. O-O Na5 11. Qd3 Nxb3 12. axb3 a6 13. b4 Rc8 14. Rfd1 Qc7 15. Nd5 Nxd5 16. exd5 Qc4 17. Qxc4 Rxc4 18. c3 Bf6 19. Nb3 Bf5 20. Na5 Rc7 21. Bb6 Rd7 22. Re1 h5 23. Rad1 e6 24. Nc4 exd5 25. Rxd5 Rc8 26. Ne3 Be6 27. Rd3 Rc6 28. Bd4 Bd8 29. g4 Kf8 30. f4 Bb3 31. f5 d5 32. Rf1 gxf5 33. gxh5 Rh6 34. Rxf5 f6 35. Ng4 Bc2 36. Bc5+ Ke8 37. Re3+ Kf7 38. Nxh6+ Kg7 39. Rf2 1-0

[Event "Sparkassen-Open A"]
[Site "Heusenstamm, Martinsee"]
[Date "2024.11.22"]
[Round "3.24"]
[White "Mandalka, Justus"]
[Black "Chassard, Cedric"]
[Result "0-1"]
[WhiteElo "2039"]
[BlackElo "2283"]
[PlyCount "46"]
[EventDate "2024.11.21"]
[WhiteTeam "SK Bad Homburg 1927"]
[BlackTeam "SV 1926 Riegelsberg"]

1. e4 d6 2. d4 Nf6 3. Nc3 e5 4. dxe5 dxe5 5. Qxd8+ Kxd8 6. Bg5 Nbd7 7. O-O-O c6 8. Bc4 Ke8 9. Nf3 b5 10. Bxb5 cxb5 11. Nxb5 Rb8 12. Nc7+ Kd8 13. Nd5 Be7 14. Nxe7 Kxe7 15. Nh4 Nb6 16. f4 h6 17. fxe5 hxg5 18. exf6+ gxf6 19. Nf3 Bg4 20. e5 fxe5 21. Nxe5 Bxd1 22. Nc6+ Kd6 23. Nxb8 Be2 0-1

[Event "Sparkassen-Open A"]
[Site "Heusenstamm, Martinsee"]
[Date "2024.11.22"]
[Round "3.25"]
[White "Klundt, Klaus"]
[Black "Wuerl, Roland"]
[Result "1/2-1/2"]
[WhiteElo "2252"]
[BlackElo "2013"]
[PlyCount "73"]
[EventDate "2024.11.21"]
[WhiteTeam "SC Heusenstamm"]
[BlackTeam "SC FK Babenhausen 1994"]

1. e4 c5 2. Nf3 d6 3. d4 cxd4 4. Nxd4 Nf6 5. Nc3 Nc6 6. Nd5 Nxd5 7. exd5 Qa5+ 8. Bd2 Qxd5 9. Nb5 Qe6+ 10. Be2 Qd7 11. O-O a6 12. Nc3 e6 13. Na4 Rb8 14. c4 b5 15. cxb5 axb5 16. Nc3 b4 17. Nb5 d5 18. Rc1 Bb7 19. f4 Be7 20. Bd3 g6 21. a4 O-O 22. Qe1 Rbc8 23. h4 Na5 24. Rxc8 Rxc8 25. Bxb4 Nc4 26. b3 Bxb4 27. Qxb4 Ne3 28. Qd6 Qxd6 29. Nxd6 Rc3 30. Rb1 Rxd3 31. Nxb7 Rd2 32. a5 Rxg2+ 33. Kh1 Ra2 34. b4 d4 35. Nc5 Ra3 36. b5 Nc4 37. a6 1/2-1/2